Normal view MARC view

Entry Personal Name

Number of records used in: 1

001 - CONTROL NUMBER

  • control field: 9634

003 - CONTROL NUMBER IDENTIFIER

  • control field: DLC

005 - DATE AND TIME OF LATEST TRANSACTION

  • control field: 20230929121437.0

008 - FIXED-LENGTH DATA ELEMENTS

  • fixed length control field: 951218n| azannaab |n aaa

010 ## - LIBRARY OF CONGRESS CONTROL NUMBER

  • LC control number: n 95120593

040 ## - CATALOGING SOURCE

  • Original cataloging agency: DLC
  • Language of cataloging: eng
  • Description conventions: rda
  • Transcribing agency: DLC
  • Modifying agency: DLC

046 ## - SPECIAL CODED DATES

  • Birth date: 1948
  • Source of date scheme: edtf

100 1# - HEADING--PERSONAL NAME

  • Personal name: Lasser, Rupert,
  • Dates associated with a name: 1948-

670 ## - SOURCE DATA FOUND

  • Source citation: Introduction to Fourier series, 1996:
  • Information found: CIP t.p. (Rupert Lasser; Medical Univ. of Lübeck, Lübeck, Germany) data sheet (b. 2-14-48)

670 ## - SOURCE DATA FOUND

  • Source citation: Phone call to pub., 12-18-95
  • Information found: (Rupert Lasser; this is his first book)

670 ## - SOURCE DATA FOUND

  • Source citation: Harmonic analysis on hypergroups, 2023:
  • Information found: CIP title page (Rupert Lasser, Technical University of Munich, Germany)

Powered by Koha